• 首页
  • 本馆介绍
  • 公告通知
  • 最新文献
  • 馆藏检索
  • 电子资源
  • 读者导购
  • 参考咨询
  • 我的图书馆
  • 登录
  • 详细信息显示
  • 放入我的书架
  • 预约/预借图书
  • 作者相关作品
  • 分类相关作品
  • 丛书相关作品
  • 出版社相关作品

书目信息

  • 表格格式
  • 工作单格式
  • 卡片格式
题名:
自然性的终结
    
 
作者: Koch , 科赫 著 ;王立君 , 白锡堃 译
分册:  
出版信息: 北京   社会科学文献出版社  2005
页数: 251页
开本: 21cm
丛书名: 发展研究译丛
单 册:
中图分类: R-052
科图分类:
主题词: 生命科学--医学伦理学
电子资源:
ISBN: 7-80190-616-0
000 01635nam0 2200385 450
000 01598nam0 2200373 450
000 01597nam0 2200385 450
000 01543nam0 2200361 450
000 01538nam0 2200349 450
000 01501nam0 2200337 45
005 20061221094944.25
010    @a7-80190-616-0@dCNY20.00
100    @a20060829d em y0chiy0110 ea
101 1  @achi@cger
102    @aCN@b110000
105    @ay z 000yy
200 1  @a自然性的终结@Azi ran xing de zhong jie@e生物技术与生物道德之我见@ESheng Wu Ji Shu Yu Sheng Wu Dao De Zhi Wo Jian@f(德)克劳斯·科赫(Claus Koch)著@F( De ) Ke Lao Si· Ke He (Claus Koch) Zhu@g王立君,白锡堃译
210    @a北京@c社会科学文献出版社@d2005
215    @a251页@d21cm
225 2  @a发展研究译丛
300    @a其他题名:生物技术与生物道德之我见
330    @a医学的发展及其遗传基因组技术扬弃了所有生命过程的自然属性。“试管婴儿”、胚细胞和胚胎的筛选方法的发展、自由性别选择和人造子宫等等是后生物时代开始的标志。这一切对社会和人的形象产生了巨大的影响:人、家庭、系谱这些概念已经变得多余。
410  0 @12001 @a发展研究译丛
517 1  @a生物技术与生物道德之我见@Asheng wu ji shu yu sheng wu dao de zhi wo jian
606 0  @a生命科学@x医学伦理学
690    @aR-052@v4
701  1 @aKoch@AKoch@bClaus@4著
701  1 @a科赫@Ake he@bC.@4著
702  0 @a王立君@Awang li jun@4译
702  0 @a白锡堃@Abai xi kun@4译
801  0 @aCN@b中图数据@c20061221
905    @a10447@dR-052@e17
    
    自然性的终结:生物技术与生物道德之我见/(德)克劳斯·科赫(Claus Koch)著/王立君,白锡堃译.-北京:社会科学文献出版社,2005
    251页;21cm.-(发展研究译丛)
    其他题名:生物技术与生物道德之我见
    
    ISBN 7-80190-616-0:CNY20.00
    医学的发展及其遗传基因组技术扬弃了所有生命过程的自然属性。“试管婴儿”、胚细胞和胚胎的筛选方法的发展、自由性别选择和人造子宫等等是后生物时代开始的标志。这一切对社会和人的形象产生了巨大的影响:人、家庭、系谱这些概念已经变得多余。
●
相关链接 在E读中查询图书 在五车中查询图书 在当当中查询图书 在豆瓣中查询图书


正题名:自然性的终结     索取号:R-052/17         预约/预借

序号 登录号 条形码 馆藏地/架位号 状态 备注
1 0606904   206069047   第二样本阅览室/ [索取号:R-052/17] 在馆    
2 0606905   206069056   第三借阅区/ [索取号:R-052/17] 在馆    
3 0606906   206069065   第三借阅区/ [索取号:R-052/17] 在馆    
唐山师范学院图书馆 欢迎您!
大连网信软件有限公司© 版权所有